00570nam a2200181 a 45000010010000000030011000100080041000210350026000620820014000881000024001022450065001262600040001916500019002319420012002509520091002629980020003539990015003730000-9321ELIB.Books110520 2005  a(ELIB.Books)0000-9473 a251 bSat aSatterlee, Craig A. aWhen God Speaks through Change: preaching in times of congre bHerndon: The Alban Institute c2005 aChurch Renewal 2ddccBK 00102ddc4070aKBTSbKBTSd2011-05-20l0p12793r2022-01-22 00:00:00w2022-01-22yBK cbate2011-05-20 c9321d9321